|
|
|
|
| LEADER |
01129nam a2200397 4500 |
| 001 |
DLU050047954 |
| 005 |
##20050617 |
| 008 |
##040706s2003 maua b 001 0beng d |
| 010 |
# |
# |
|a 2002096085
|
| 020 |
# |
# |
|a 0972121307
|
| 035 |
# |
# |
|a (OCoLC)ocm52527641
|
| 040 |
# |
# |
|a IG#
|c IG#
|d OCLCQ
|d DLC
|
| 042 |
# |
# |
|a lccopycat
|
| 043 |
# |
# |
|a n-us---
|
| 050 |
# |
# |
|a GV994.R54
|b L43 2003
|
| 082 |
# |
# |
|a 796.34
|b LE-T
|
| 100 |
# |
# |
|a LeCompte, Tom
|
| 245 |
# |
# |
|a The last sure thing :
|b the life & times of Bobby Riggs /
|c by Tom LeCompte
|
| 246 |
# |
# |
|a Life & times of Bobby Riggs
|
| 246 |
# |
# |
|a Sure thing
|
| 250 |
# |
# |
|a 1st ed.
|
| 260 |
# |
# |
|a Easthampton, MA :
|b Black Squirrel Pub.,
|c 2003
|
| 300 |
# |
# |
|a vi, 471 p. :
|b ill. ;
|c 24 cm.
|
| 504 |
# |
# |
|a Includes bibliographical references (p. [438]-460) and index.
|
| 600 |
# |
# |
|a Riggs, Bobby,
|d 1918-
|
| 650 |
# |
# |
|a Tennis players
|z United States
|v Biography.
|
| 923 |
# |
# |
|a 18/2005
|
| 992 |
# |
# |
|a 23900
|
| 994 |
# |
# |
|a DLU
|
| 900 |
# |
# |
|a True
|
| 911 |
# |
# |
|a Nguyễn Thị Tố Hạnh
|
| 925 |
# |
# |
|a G
|
| 926 |
# |
# |
|a A
|
| 927 |
# |
# |
|a SH
|
| 980 |
# |
# |
|a Thư viện Trường Đại học Đà Lạt
|